Daily Capital City Riddle #64 - Statistics

General Stats
  • This quiz has been taken 57 times
  • The average score is 26 of 37
Answer Stats
Type Answer % Correct
Found Letter O
100%
Alphabet Letter S
100%
Found Letter A
98%
Alphabet Letter I
98%
Alphabet Letter B
95%
Alphabet Letter D
95%
Alphabet Letter E
95%
Found Letter N
95%
Alphabet Letter R
93%
Found Letter T
93%
Found Letter H
91%
Found Letter C
88%
Alphabet Letter L
88%
Alphabet Letter M
88%
Correctly Placed Letter O
88%
Found Letter U
86%
Alphabet Letter W
84%
Alphabet Letter G
81%
Alphabet Letter P
81%
Correctly Placed Letter A
79%
Found Letter K
72%
Alphabet Letter V
65%
Alphabet Letter Y
63%
Correctly Placed Letter T
56%
Alphabet Letter J
53%
Correctly Placed Letter K
51%
Alphabet Letter X
44%
Alphabet Letter Z
44%
Correctly Placed Letter U
42%
Alphabet Letter F
40%
Alphabet Letter Q
40%
Correctly Placed Letter O
37%
Correctly Placed Letter N
35%
Correctly Placed Letter H
33%
Correctly Placed Letter T
33%
Correctly Placed Letter C
30%
Mystery Capital Nouakchott
30%
No matching quizzes found
Score Distribution
Percent of People with Each Score
Percentile by Number Answered
Your Score History
You have not taken this quiz